|
|
|
|
| LEADER |
04197nam a22004213i 4500 |
| 001 |
EBC6898672 |
| 003 |
MiAaPQ |
| 005 |
20231204023221.0 |
| 006 |
m o d | |
| 007 |
cr cnu|||||||| |
| 008 |
231204s2015 xx o ||||0 eng d |
| 020 |
|
|
|a 9781781382035
|q (electronic bk.)
|
| 020 |
|
|
|z 9781781381939
|
| 035 |
|
|
|a (MiAaPQ)EBC6898672
|
| 035 |
|
|
|a (Au-PeEL)EBL6898672
|
| 035 |
|
|
|a (OCoLC)944211567
|
| 040 |
|
|
|a MiAaPQ
|b eng
|e rda
|e pn
|c MiAaPQ
|d MiAaPQ
|
| 082 |
0 |
|
|a 306.2/0946
|
| 100 |
1 |
|
|a Moreno-Caballud, Luis.
|
| 245 |
1 |
0 |
|a Cultures of Anyone :
|b Studies on Cultural Democratization in the Spanish Neoliberal Crisis.
|
| 250 |
|
|
|a 1st ed.
|
| 264 |
|
1 |
|a Liverpool :
|b Liverpool University Press,
|c 2015.
|
| 264 |
|
4 |
|c ©2015.
|
| 300 |
|
|
|a 1 online resource (320 pages)
|
| 336 |
|
|
|a text
|b txt
|2 rdacontent
|
| 337 |
|
|
|a computer
|b c
|2 rdamedia
|
| 338 |
|
|
|a online resource
|b cr
|2 rdacarrier
|
| 490 |
1 |
|
|a Contemporary Hispanic and Lusophone Cultures Series ;
|v v.11
|
| 505 |
0 |
|
|a Cover -- Contents -- Acknowledgments -- Introduction -- PART I Cultural and Neoliberal 'Modernization' -- 1 Cultural Aspects of the Neoliberal Crisis: Genealogies of a Fractured Legitimacy -- 1.1. Crisis of a Hierarchical, Individualistic Cultural Model -- 1.2. Enlightened Gardeners, or, the Power of Knowledge -- 1.3. 'Transplanting People': Capitalist Modernization and Francoist Technocracy -- 1.4. Pedagogy of 'Normalization' and Cultural Elites -- 2 'Standardizing' from Above: Experts, Intellectuals, and Culture Bubble -- 2.1. Experts in Something and Experts in Everything: The Two Pillars of the Culture of the Transition -- 2.2. Men Who Smoke and Men Who Drink (or, Culture, that Modern Invention) -- 2.3. The Engineer's Great Style: A Depoliticized Aesthetic Modernity -- 2.4. 'Normalization,' Deactivation, and Culture Bubble in the CT -- 3 Arrested Modernities: The Popular Cultures that Could Have Been -- 3.1. Arrested Modernities I: A Culture Rooted in Tradition Faces the Transition -- 3.2. Words in the Kitchen: Subsistence Cultures and Productivist Cultures -- 3.3. Arrested Modernities II: Postwar Cultures and Creative Consumption -- PART II Cultural Democratizations -- 4 Internet Cultures as Collaborative Creation of Value -- 4.1. Genealogies and Contradictions of Digital Cultures -- 4.2. Unpaid Work and Creation of Value on the Internet -- 4.3. The Pleasure of Doing, and Telling What One Does: Self-Representation of Internet Cultures -- 4.4. Two Overlapping yet Clashing Value Systems -- 5 Combining the Abilities of all the Anyones: The 15M Movement and its Mutations -- 5.1. Anyone's Word and the Expert's Word: An Alliance -- 5.2. Sustaining the Plaza and Beyond: Towards a New Cultural Power -- 5.3. Conflict of Authorities: Intellectuals, Mass Media, and the 15M Climate.
|
| 505 |
8 |
|
|a 5.4. 'The Boxer and the Fly': Nomadism and Sustainability after the Plazas -- 6 Towards More Democratic Cultural Institutions? -- 6.1. The Self-Managed Culture in its Life Spaces -- 6.2. Under the Ambiguous Umbrella of the Public Sector -- 6.3. Between Institution and Experimentation: Why Hasn't There Been a Marea de la Cultura? -- 6.4. 'Making Us Be': The Question of Forms of (Self-)Representation -- Epilogue: Cultures of Anyone: A Proposal for Encounters -- Works Cited -- Index.
|
| 520 |
|
|
|a This book focuses on the rise of sharing and collaboration practices among peers in Spanish digital cultures and social movements in the wake of Spain's financial meltdown of 2008.
|
| 588 |
|
|
|a Description based on publisher supplied metadata and other sources.
|
| 590 |
|
|
|a Electronic reproduction. Ann Arbor, Michigan : ProQuest Ebook Central, 2023. Available via World Wide Web. Access may be limited to ProQuest Ebook Central affiliated libraries.
|
| 655 |
|
4 |
|a Electronic books.
|
| 776 |
0 |
8 |
|i Print version:
|a Moreno-Caballud, Luis
|t Cultures of Anyone
|d Liverpool : Liverpool University Press,c2015
|z 9781781381939
|
| 797 |
2 |
|
|a ProQuest (Firm)
|
| 830 |
|
0 |
|a Contemporary Hispanic and Lusophone Cultures Series
|
| 856 |
4 |
0 |
|u https://ebookcentral.proquest.com/lib/matrademy/detail.action?docID=6898672
|z Click to View
|